Murka Lautan : (Record no. 203161)
[ view plain ]
| 000 -LEADER | |
|---|---|
| fixed length control field | 00953nam a2200265 i 4500 |
| 005 - DATE AND TIME OF LATEST TRANSACTION | |
| control field | 20260222125944.0 |
| 008 - FIXED-LENGTH DATA ELEMENTS--GENERAL INFORMATION | |
| fixed length control field | 260222s2025 my gr 00| jbmay d |
| 020 ## - INTERNATIONAL STANDARD BOOK NUMBER | |
| International Standard Book Number | 9786299736677 |
| Terms of availability | RM30.00 |
| Qualifying information | paperback |
| 040 ## - CATALOGING SOURCE | |
| Original cataloging agency | PPAK |
| Language of cataloging | eng |
| Transcribing agency | PPAK |
| Description conventions | rda |
| 082 04 - DEWEY DECIMAL CLASSIFICATION NUMBER | |
| Edition number | 23 |
| Classification number | 899.23301 |
| 090 00 - LOCALLY ASSIGNED LC-TYPE CALL NUMBER (OCLC); LOCAL CALL NUMBER (RLIN) | |
| Classification number (OCLC) (R) ; Classification number, CALL (RLIN) (NR) | 899.23301 |
| Feature heading | ZUR |
| Feature heading | G |
| 100 0# - MAIN ENTRY--PERSONAL NAME | |
| Personal name | Zurinah Hassan, |
| Titles and words associated with a name | Datuk, Dr., |
| Dates associated with a name | 1949- |
| Relator term | author. |
| 245 10 - TITLE STATEMENT | |
| Title | Murka Lautan : |
| Remainder of title | Kumpulan Cerpen / |
| Statement of responsibility, etc. | ZURINAH HASSAN ; ILUSTRASI KULIT BUKIT: ELEANOUR ALBAR |
| 264 #1 - PRODUCTION, PUBLICATION, DISTRIBUTION, MANUFACTURE, AND COPYRIGHT NOTICE | |
| Place of production, publication, distribution, manufacture | SHAH ALAM, SELANGOR : |
| Name of producer, publisher, distributor, manufacturer | KUALI HITAM ENTERPRISE, |
| Date of production, publication, distribution, manufacture, or copyright notice | 2025 |
| 300 ## - PHYSICAL DESCRIPTION | |
| Extent | 237 pages, 1 unnumbered pages ; |
| Dimensions | 20 cm |
| 336 ## - CONTENT TYPE | |
| Content type term | text |
| Source | rdacontent |
| 337 ## - MEDIA TYPE | |
| Media type term | unmediated |
| Source | rdamedia |
| 338 ## - CARRIER TYPE | |
| Carrier type term | volume |
| Source | rdacarrier |
| 500 ## - GENERAL NOTE | |
| General note | Anugerah Sastera Darul Aman 2022 |
| 650 10 - SUBJECT ADDED ENTRY--TOPICAL TERM | |
| Topical term or geographic name entry element | Short stories, Malay |
| Topical term or geographic name entry element | Malay fiction |
| Topical term or geographic name entry element | Malaysian fiction (Malay) |
| 700 0# - ADDED ENTRY--PERSONAL NAME | |
| Personal name | Eleanour Albar, |
| Relator term | illustrator. |
| 942 ## - ADDED ENTRY ELEMENTS (KOHA) | |
| Source of classification or shelving scheme | Dewey Decimal Classification |
| Koha item type | Book |
| Withdrawn | Not for loan | Current library | Shelving location | Date acquired | Total Checkouts | Full call number | Barcode | Date last seen | Koha item type |
|---|---|---|---|---|---|---|---|---|---|
| Perpustakaan Alor Setar | Pinjaman Dewasa | 23/02/2026 | 899.23301 ZUR | A01905192 | 23/02/2026 | Book | |||
| Perpustakaan Awam Sungai Petani | Pinjaman Dewasa | 23/02/2026 | 899.23301 ZUR | A01905193 | 23/02/2026 | Book | |||
| Perpustakaan Baling | Pinjaman Dewasa | 23/02/2026 | 899.23301 ZUR | A01905197 | 23/02/2026 | Book | |||
| Perpustakaan Bandar Baharu | Pinjaman Dewasa | 23/02/2026 | 899.23301 ZUR | A01905198 | 23/02/2026 | Book | |||
| Perpustakaan Jitra | Pinjaman Dewasa | 23/02/2026 | 899.23301 ZUR | A01905194 | 23/02/2026 | Book | |||
| Perpustakaan Kuala Nerang | Pinjaman Dewasa | 23/02/2026 | 899.23301 ZUR | A01905202 | 23/02/2026 | Book | |||
| Perpustakaan Kulim | Pinjaman Dewasa | 23/02/2026 | 899.23301 ZUR | A01905196 | 23/02/2026 | Book | |||
| Perpustakaan Langkawi | Pinjaman Dewasa | 23/02/2026 | 899.23301 ZUR | A01905195 | 23/02/2026 | Book | |||
| Perpustakaan Merbok | Pinjaman Dewasa | 23/02/2026 | 899.23301 ZUR | A01905199 | 23/02/2026 | Book | |||
| Perpustakaan Pendang | Pinjaman Dewasa | 23/02/2026 | 899.23301 ZUR | A01905203 | 23/02/2026 | Book | |||
| Perpustakaan Sik | Pinjaman Dewasa | 23/02/2026 | 899.23301 ZUR | A01905201 | 23/02/2026 | Book | |||
| Perpustakaan Yan | Pinjaman Dewasa | 23/02/2026 | 899.23301 ZUR | A01905200 | 23/02/2026 | Book |